[Event "XXVI Ogolnopolska Olimpiada Mlodziezy"]
[Site "Pulawy"]
[Date "2020.10.06"]
[Round "2.17"]
[White "Leski, Franciszek"]
[Black "Backiel, Hubert"]
[Result "1/2-1/2"]
[WhiteElo "1379"]
[BlackElo "2073"]
[PlyCount "74"]
[EventDate "2020.10.04"]
[EventType "swiss"]
[Tiebreak "Sum of Buchholz+Median1 Buchholz+Sonneborn-Berger (Swiss)"]

1. d4 d5 2. c4 e6 3. Nc3 c6 4. cxd5 exd5 5. Nf3 Bd6 6. Bg5 f6 7. Bh4 Ne7 8. e3
O-O 9. Bd3 Bf5 10. O-O Nd7 11. Bg3 Bxg3 12. hxg3 a5 13. Rc1 Re8 14. Bxf5 Nxf5
15. Qd3 Nd6 16. Nd2 Nb6 17. a4 Qd7 18. e4 Kh8 19. f3 Rad8 20. exd5 cxd5 21. Nb3
Nxa4 22. Nxa4 Qxa4 23. Ra1 Qb4 24. Nxa5 Nc4 25. Nxc4 dxc4 26. Qc3 Qd6 27. Qxc4
Qxg3 28. Rf2 h5 29. Rd1 h4 30. Qf7 Qg5 31. Qxb7 h3 32. f4 Qg3 33. Qf3 Qxf3 34.
Rxf3 hxg2 35. Kxg2 Re2+ 36. Rf2 Re4 37. d5 Rb8 1/2-1/2

[Event "XXVI Ogolnopolska Olimpiada Mlodziezy"]
[Site "Pulawy"]
[Date "2020.10.06"]
[Round "2.17"]
[White "Liskiewicz, Jakub"]
[Black "Murawski, Milosz"]
[Result "1-0"]
[WhiteElo "1622"]
[BlackElo "1351"]
[PlyCount "89"]
[EventDate "2020.10.04"]
[EventType "swiss"]
[Tiebreak "Sum of Buchholz+Median1 Buchholz+Sonneborn-Berger (Swiss)"]

1. d4 d5 2. c4 c6 3. Nc3 Nf6 4. Nf3 Bf5 5. cxd5 cxd5 6. Qb3 b6 7. e3 e6 8. Bb5+
Nbd7 9. Ne5 Bd6 10. O-O O-O 11. f4 a6 12. Bxd7 Nxd7 13. Bd2 Bxe5 14. fxe5 Bg6
15. Ne2 Rc8 16. Bb4 Re8 17. Rac1 Qg5 18. Nf4 Be4 19. Qa4 Nb8 20. Bd6 Qg4 21.
Rxc8 Rxc8 22. Bxb8 Rxb8 23. Qxa6 h6 24. Qe2 Qg5 25. Rc1 b5 26. Nd3 h5 27. Nc5
h4 28. Nxe4 dxe4 29. Qf2 h3 30. Qg3 Qe7 31. gxh3 Ra8 32. Rc5 b4 33. Qg4 Qb7 34.
Qe2 Rxa2 35. Kf2 Ra6 36. Qc4 b3 37. Rc8+ Kh7 38. Rc7 Qb6 39. Rxf7 Ra2 40. Qc3
Qb5 41. Kg3 Qd3 42. Qxd3 exd3 43. Rf2 Ra1 44. Rd2 Rb1 45. Kf4 1-0

[Event "XXVI Ogolnopolska Olimpiada Mlodziezy"]
[Site "Pulawy"]
[Date "2020.10.06"]
[Round "2.18"]
[White "Gaczol, Julia"]
[Black "Kokot, Agnieszka"]
[Result "1/2-1/2"]
[WhiteElo "1360"]
[BlackElo "1244"]
[PlyCount "167"]
[EventDate "2020.10.04"]
[EventType "swiss"]
[Tiebreak "Sum of Buchholz+Median1 Buchholz+Sonneborn-Berger (Swiss)"]

1. e4 c5 2. Nf3 d6 3. d4 cxd4 4. Nxd4 Nf6 5. Nc3 a6 6. Nb3 e5 7. Bg5 Be7 8.
Bxf6 Bxf6 9. Qd3 Be6 10. O-O-O Be7 11. Kb1 Nd7 12. Nd5 Bxd5 13. Qxd5 Qc7 14.
Na5 Rc8 15. c3 Nc5 16. Nc4 O-O 17. g3 b5 18. Ne3 Rfd8 19. f4 Na4 20. Qd2 Rb8
21. Nd5 Qb7 22. h4 Nb6 23. Bg2 Nxd5 24. Qxd5 Qxd5 25. Rxd5 exf4 26. gxf4 b4 27.
cxb4 Rxb4 28. h5 h6 29. Rhd1 Rdb8 30. R1d2 R8b6 31. Kc1 Rc4+ 32. Kd1 Rbc6 33.
Ra5 Rc1+ 34. Ke2 Rb6 35. Bf1 Bf6 36. Kf2 Bxb2 37. Rxa6 Rxf1+ 38. Kxf1 Rxa6 39.
Rxb2 Ra4 40. Re2 f6 41. Kf2 Ra3 42. Kg2 Kf7 43. f5 Ra5 44. Rb2 Ra7 45. Kf2 Ra3
46. Kg2 Re3 47. Rb7+ Kf8 48. a4 Rxe4 49. a5 Ra4 50. Ra7 d5 51. Kf3 Kg8 52. Ke3
Rh4 53. Rd7 Rxh5 54. Rxd5 Rh3+ 55. Kd4 Ra3 56. Kc4 Kf8 57. Kb5 Kf7 58. Rd7+ Kf8
59. a6 h5 60. a7 Kg8 61. Rd8+ Kh7 62. a8=Q Rxa8 63. Rxa8 Kh6 64. Rh8+ Kg5 65.
Kc4 Kxf5 66. Rxh5+ g5 67. Kd3 Kg4 68. Rh8 f5 69. Ke2 Kg3 70. Kf1 g4 71. Ra8 f4
72. Rf8 Kf3 73. Rb8 Kg3 74. Rb3+ Kh2 75. Rb2+ Kg3 76. Ra2 Kh3 77. Kf2 Kh2 78.
Kf1+ Kh1 79. Ra8 Kh2 80. Ra2+ Kh3 81. Kf2 Kh2 82. Kf1+ Kh1 83. Kf2 Kh2 84. Ra8
1/2-1/2

[Event "XXVI Ogolnopolska Olimpiada Mlodziezy"]
[Site "Pulawy"]
[Date "2020.10.06"]
[Round "2.18"]
[White "Grzebieniowski, Michal"]
[Black "Kowalski, Witold"]
[Result "1/2-1/2"]
[WhiteElo "1588"]
[BlackElo "1330"]
[PlyCount "81"]
[EventDate "2020.10.04"]
[EventType "swiss"]
[Tiebreak "Sum of Buchholz+Median1 Buchholz+Sonneborn-Berger (Swiss)"]

1. d4 d5 2. c4 c6 3. Nf3 Nf6 4. g3 dxc4 5. Bg2 g6 6. O-O Bg7 7. Qc2 Be6 8. Na3
b5 9. Ng5 Bd7 10. Nxb5 h6 11. Ne4 Nxe4 12. Qxe4 O-O 13. Na3 Bf5 14. Qf4 Qxd4
15. Qxd4 Bxd4 16. Nxc4 Kg7 17. Rd1 Bb6 18. b3 Rc8 19. Bb2+ f6 20. Ba3 Kf7 21.
Rac1 Nd7 22. Kf1 Rab8 23. Rd2 Be6 24. Rcd1 Rc7 25. Bf3 Rbb7 26. Nb2 Ne5 27. Na4
Nxf3 28. exf3 Bd5 29. f4 Bf3 30. Rc1 Rd7 31. Rdc2 g5 32. fxg5 hxg5 33. Bc5 Rd8
34. Rc3 g4 35. h4 Rbd7 36. Re3 Rd1+ 37. Rxd1 Rxd1+ 38. Re1 Bg2+ 39. Ke2 Bf3+
40. Kf1 Bg2+ 41. Ke2 1/2-1/2

[Event "XXVI Ogolnopolska Olimpiada Mlodziezy"]
[Site "Pulawy"]
[Date "2020.10.06"]
[Round "2.18"]
[White "Makarec, Anna"]
[Black "Wojs, Alicja"]
[Result "1-0"]
[WhiteElo "1103"]
[BlackElo "1392"]
[PlyCount "89"]
[EventDate "2020.10.04"]
[EventType "swiss"]
[Tiebreak "Sum of Buchholz+Median1 Buchholz+Sonneborn-Berger (Swiss)"]

1. e4 c5 2. Nc3 a6 3. g3 b5 4. a3 Bb7 5. Bg2 e6 6. Nge2 d5 7. exd5 exd5 8. d4
c4 9. O-O Be7 10. Nf4 Nf6 11. Re1 O-O 12. Qf3 b4 13. Ncxd5 Nxd5 14. Nxd5 Bxd5
15. Qxd5 Ra7 16. c3 bxa3 17. bxa3 Qc8 18. Bf4 Rd8 19. Qf3 Bf6 20. Rab1 Nd7 21.
Bh3 Qa8 22. Qxa8 Rdxa8 23. Rb8+ Rxb8 24. Bxb8 Ra8 25. Re8+ Nf8 26. Bg2 Rxb8 27.
Rxb8 Bg5 28. Rc8 Bd2 29. Rxc4 g6 30. Bd5 Bc1 31. a4 Nd7 32. Rc7 Nb6 33. Bxf7+
Kh8 34. Bb3 Bg5 35. Rc6 Nd7 36. Rc8+ Kg7 37. Rc7 a5 38. Rxd7+ Kh8 39. Be6 h5
40. c4 h4 41. c5 h3 42. Bxh3 Bf6 43. c6 g5 44. c7 g4 45. c8=Q+ 1-0

[Event "XXVI Ogolnopolska Olimpiada Mlodziezy"]
[Site "Pulawy"]
[Date "2020.10.06"]
[Round "2.18"]
[White "Pisarek, Jan"]
[Black "Wojdak, Jan"]
[Result "0-1"]
[WhiteElo "1608"]
[BlackElo "1910"]
[PlyCount "62"]
[EventDate "2020.10.04"]
[EventType "swiss"]
[Tiebreak "Sum of Buchholz+Median1 Buchholz+Sonneborn-Berger (Swiss)"]

1. e4 c5 2. Nf3 Nc6 3. Bb5 g6 4. O-O Bg7 5. c3 e5 6. d3 Nge7 7. Be3 d6 8. Qd2
O-O 9. d4 cxd4 10. cxd4 Bg4 11. d5 Bxf3 12. gxf3 Nb8 13. Na3 f5 14. Bg5 Nd7 15.
Rac1 Nf6 16. Rc3 a6 17. Bxf6 Bxf6 18. Be2 Nc8 19. Kh1 Bg5 20. Qc2 Bf4 21. Rg1
Qh4 22. Rg2 Ne7 23. Nc4 Rad8 24. Nb6 Bg5 25. Bd1 Rf7 26. Rc7 h5 27. Rxb7 fxe4
28. fxe4 Rdf8 29. f3 Be3 30. Qc3 Rxf3 31. Bxf3 Rxf3 0-1

[Event "XXVI Ogolnopolska Olimpiada Mlodziezy"]
[Site "Pulawy"]
[Date "2020.10.06"]
[Round "2.19"]
[White "Grzesik, Nikola"]
[Black "Kicinska, Magdalena"]
[Result "1/2-1/2"]
[WhiteElo "1340"]
[BlackElo "1216"]
[PlyCount "83"]
[EventDate "2020.10.04"]
[EventType "swiss"]
[Tiebreak "Sum of Buchholz+Median1 Buchholz+Sonneborn-Berger (Swiss)"]

1. e4 c6 2. d4 d5 3. Nc3 dxe4 4. Nxe4 Bf5 5. Ng3 Bg6 6. Nh3 h6 7. Nf4 Bh7 8. h4
e6 9. c3 Nf6 10. Qf3 Bd6 11. Nfh5 O-O 12. Nxf6+ Qxf6 13. Qxf6 gxf6 14. Nh5 Nd7
15. Bxh6 Rfd8 16. Be2 Bg6 17. Be3 Bxh5 18. Bxh5 f5 19. g3 Nf6 20. Bf3 Nd5 21.
Bxd5 cxd5 22. O-O-O Rdc8 23. Rhg1 b5 24. Kd2 b4 25. Bf4 bxc3+ 26. bxc3 Bxf4+
27. gxf4+ Kf8 28. Rb1 Rab8 29. Rb3 Ke7 30. Rgb1 Rxb3 31. Rxb3 Rh8 32. Rb7+ Kf6
33. Rxa7 Rxh4 34. Ke3 Rh3+ 35. f3 Rh2 36. a4 Ra2 37. a5 Kg7 38. Kd3 Kf6 39. Ke3
Kg7 40. Kd3 Kf6 41. Ra8 Kg7 42. Ra7 1/2-1/2

[Event "XXVI Ogolnopolska Olimpiada Mlodziezy"]
[Site "Pulawy"]
[Date "2020.10.06"]
[Round "2.19"]
[White "Rzenca, Jerzy"]
[Black "Kejna, Piotr"]
[Result "0-1"]
[WhiteElo "1584"]
[BlackElo "1772"]
[PlyCount "84"]
[EventDate "2020.10.04"]
[EventType "swiss"]
[Tiebreak "Sum of Buchholz+Median1 Buchholz+Sonneborn-Berger (Swiss)"]

1. c4 e5 2. g3 Nf6 3. Bg2 d6 4. Nc3 Nc6 5. Nf3 g6 6. O-O Bg7 7. d3 O-O 8. Bg5
h6 9. Bd2 Nh7 10. Qc1 h5 11. Ng5 Qd7 12. e4 Nxg5 13. Bxg5 Kh7 14. Nd5 Nd4 15.
Qd1 f5 16. exf5 Nxf5 17. Be4 Qf7 18. Rb1 Be6 19. Ne3 Rab8 20. b4 Bh6 21. Bxh6
Kxh6 22. Nxf5+ gxf5 23. Bg2 f4 24. Qf3 Bg4 25. Qe4 Bf5 26. Qe2 Bg4 27. Qe4 Qg7
28. Bf3 Bf5 29. Qe2 Bh3 30. Rfc1 h4 31. Qd2 Kh7 32. Qe1 Kh8 33. Be4 Rg8 34. Qe2
Qg5 35. Kh1 hxg3 36. fxg3 fxg3 37. hxg3 Kg7 38. Bg2 Rh8 39. Qf2 Rbf8 40. Qe1
Bf5+ 41. Kg1 Bxd3 42. Rb3 Qh6 0-1

[Event "XXVI Ogolnopolska Olimpiada Mlodziezy"]
[Site "Pulawy"]
[Date "2020.10.06"]
[Round "2.19"]
[White "Semeradt, Michalina"]
[Black "Pietryk, Joanna"]
[Result "0-1"]
[WhiteElo "1071"]
[BlackElo "1387"]
[PlyCount "88"]
[EventDate "2020.10.04"]
[EventType "swiss"]
[Tiebreak "Sum of Buchholz+Median1 Buchholz+Sonneborn-Berger (Swiss)"]

1. d4 Nf6 2. Bg5 e6 3. e4 Be7 4. e5 Nd5 5. Bxe7 Qxe7 6. c4 Nb6 7. Nc3 Nc6 8. f4
d6 9. Nf3 dxe5 10. fxe5 Nd7 11. Bd3 Nxd4 12. O-O Nxf3+ 13. Qxf3 Nxe5 14. Qg3
Nxd3 15. Qxd3 O-O 16. Kh1 Bd7 17. Rf3 Bc6 18. Rh3 h6 19. Rf1 Rad8 20. Qe3 Qg5
21. Qg3 Qxg3 22. Rxg3 e5 23. Re1 Rfe8 24. Re2 f5 25. Rge3 e4 26. Kg1 Kf7 27.
Rh3 Re6 28. Rh5 g5 29. Rh3 Kg6 30. Kf2 f4 31. a3 g4 32. Rh4 Kg5 33. g3 e3+ 34.
Ke1 f3 35. Rc2 Rd2 36. Rxd2 exd2+ 37. Kf2 Re1 38. b4 Rc1 39. b5 Rxc3 40. bxc6
d1=Q 41. Rxg4+ Kxg4 42. h3+ Kxh3 43. cxb7 Qe2+ 44. Kg1 Rc1# 0-1

[Event "XXVI Ogolnopolska Olimpiada Mlodziezy"]
[Site "Pulawy"]
[Date "2020.10.06"]
[Round "2.19"]
[White "Zmuda, Tomasz"]
[Black "Jaworski, Tymon"]
[Result "1-0"]
[WhiteElo "1309"]
[BlackElo "1580"]
[PlyCount "189"]
[EventDate "2020.10.04"]
[EventType "swiss"]
[Tiebreak "Sum of Buchholz+Median1 Buchholz+Sonneborn-Berger (Swiss)"]

1. e4 e5 2. Nf3 Nc6 3. d4 exd4 4. Bc4 Bc5 5. c3 Nf6 6. e5 d5 7. Bb5 Ne4 8. Nxd4
Bd7 9. Bxc6 bxc6 10. Be3 Bb6 11. Nd2 Qe7 12. f4 c5 13. N4b3 Bf5 14. g3 Rd8 15.
Qe2 h5 16. Rg1 d4 17. Nxe4 Bxe4 18. Bf2 Bf5 19. Qb5+ Qd7 20. Qxd7+ Rxd7 21.
O-O-O Be6 22. cxd4 Bxb3 23. axb3 cxd4 24. Rge1 Ke7 25. Rd3 Ba5 26. Re4 c5 27.
f5 Rh6 28. h3 g5 29. g4 h4 30. Re2 Bb4 31. Rc2 Ra6 32. Kb1 Ke8 33. Rc4 Rb6 34.
Kc2 Re7 35. Bxd4 cxd4 36. Rdxd4 Rxe5 37. Rxb4 Rxb4 38. Rxb4 Re3 39. Rb8+ Ke7
40. Rb7+ Kf6 41. Rxa7 Rxh3 42. b4 Re3 43. b5 Re5 44. b6 Rb5 45. b7 h3 46. Ra3
h2 47. Rh3 Rxb7 48. Rxh2 Ke5 49. Rg2 Rb4 50. Kc3 Rf4 51. b4 Kd5 52. Rd2+ Ke5
53. Rg2 Kd5 54. Rg3 Kc6 55. Re3 Kd6 56. Rd3+ Ke5 57. Rd7 Rxg4 58. Rxf7 Kd5 59.
Rf8 Kc6 60. f6 Rf4 61. f7 Kb7 62. Kd3 Ka7 63. Ke3 Kb7 64. b5 Rf6 65. Ke4 g4 66.
Ke5 Rf1 67. Ke6 g3 68. Rg8 Re1+ 69. Kf6 Rf1+ 70. Ke7 Re1+ 71. Kf8 Re3 72. Rg7
Rf3 73. Kg8 Kb6 74. f8=Q Rxf8+ 75. Kxf8 Kxb5 76. Rxg3 Kc5 77. Rd3 Kc4 78. Rd8
Kc5 79. Ke7 Kc6 80. Ke6 Kc5 81. Ke5 Kc6 82. Rd1 Kc5 83. Rc1+ Kb4 84. Kd4 Kb5
85. Kd5 Kb4 86. Rc8 Kb3 87. Kd4 Kb4 88. Rb8+ Ka5 89. Kc4 Ka6 90. Rb1 Ka5 91.
Rb2 Ka6 92. Kc5 Ka7 93. Kc6 Ka8 94. Kc7 Ka7 95. Ra2# 1-0

[Event "XXVI Ogolnopolska Olimpiada Mlodziezy"]
[Site "Pulawy"]
[Date "2020.10.06"]
[Round "2.20"]
[White "Jeda, Maciej"]
[Black "Podlewski, Szymon"]
[Result "1-0"]
[WhiteElo "1768"]
[BlackElo "1526"]
[PlyCount "89"]
[EventDate "2020.10.04"]
[EventType "swiss"]
[Tiebreak "Sum of Buchholz+Median1 Buchholz+Sonneborn-Berger (Swiss)"]

1. e4 e5 2. Nf3 Nf6 3. Nxe5 d6 4. Nf3 Nxe4 5. c4 Be7 6. d4 c6 7. Be2 O-O 8. O-O
Re8 9. Be3 Bg4 10. Qc2 Nf6 11. Nc3 Bh5 12. h3 h6 13. Rfd1 Bf8 14. Rac1 Nbd7 15.
Ne1 Bxe2 16. Nxe2 b6 17. Nc3 Rc8 18. Qb3 Ne4 19. Nd3 Nxc3 20. Rxc3 Qc7 21. Bf4
g5 22. Bh2 Bg7 23. Nb4 Bxd4 24. Rcc1 Be5 25. Bxe5 Nxe5 26. Qg3 f6 27. f4 Nf7
28. fxg5 hxg5 29. Rf1 Qe7 30. Qf3 Qe3+ 31. Qxe3 Rxe3 32. Rxf6 Kg7 33. Rcf1 Rc7
34. Nxc6 Re2 35. Nd4 Ree7 36. Ne6+ Rxe6 37. Rxe6 Kg8 38. b3 a5 39. Re8+ Kg7 40.
Rb8 Ne5 41. Rxb6 Nc6 42. Rd1 Nb4 43. a4 Nc2 44. Rbxd6 Rc5 45. R6d5 1-0

[Event "XXVI Ogolnopolska Olimpiada Mlodziezy"]
[Site "Pulawy"]
[Date "2020.10.06"]
[Round "2.20"]
[White "Pastuszko, Katarzyna"]
[Black "Biniak, Zuzanna"]
[Result "1-0"]
[WhiteElo "1251"]
[BlackElo "1339"]
[PlyCount "113"]
[EventDate "2020.10.04"]
[EventType "swiss"]
[Tiebreak "Sum of Buchholz+Median1 Buchholz+Sonneborn-Berger (Swiss)"]

1. e4 d6 2. d4 Nf6 3. Nc3 g6 4. Bg5 Bg7 5. e5 dxe5 6. dxe5 Nfd7 7. e6 fxe6 8.
Bc4 Nf6 9. Qxd8+ Kxd8 10. O-O-O+ Ke8 11. Nf3 Ng4 12. Ne4 Ne5 13. Nxe5 Bxe5 14.
Nc5 Kf7 15. Rhe1 Nc6 16. Bd2 h5 17. f4 Bd6 18. Nxe6 Bxe6 19. Rxe6 Kg7 20. Bc3+
Kh7 21. Bxh8 Rxh8 22. g3 h4 23. Bd3 Rg8 24. f5 Ne5 25. fxg6+ Kg7 26. Rf1 Nxd3+
27. cxd3 Kh6 28. g4 Rxg6 29. Rxg6+ Kxg6 30. h3 Kg5 31. Kd2 b6 32. Ke3 a5 33. b3
Bc5+ 34. Ke4 Bd6 35. Kd5 Kg6 36. Rf5 Bg3 37. Ke6 Bd6 38. Rh5 Bg3 39. Kxe7 Bf2
40. Kd7 Bg3 41. Rh8 Kg7 42. Rc8 Kg6 43. Rxc7 Bxc7 44. Kxc7 b5 45. d4 Kg5 46. d5
Kf4 47. d6 a4 48. d7 axb3 49. axb3 b4 50. d8=Q Kg3 51. Qd3+ Kh2 52. Kd6 Kg2 53.
Ke5 Kh2 54. Kf4 Kg1 55. Qd2 Kh1 56. Kf3 Kg1 57. Qg2# 1-0

[Event "XXVI Ogolnopolska Olimpiada Mlodziezy"]
[Site "Pulawy"]
[Date "2020.10.06"]
[Round "2.20"]
[White "Predkiewicz, Paulina"]
[Black "Dzierzgowska, Jagoda"]
[Result "1-0"]
[WhiteElo "1243"]
[BlackElo "1109"]
[PlyCount "85"]
[EventDate "2020.10.04"]
[EventType "swiss"]
[Tiebreak "Sum of Buchholz+Median1 Buchholz+Sonneborn-Berger (Swiss)"]

1. e4 e6 2. d4 d5 3. Nc3 Bb4 4. Bd3 c5 5. exd5 Qxd5 6. Bd2 Bxc3 7. Bxc3 cxd4 8.
Bxd4 Qxg2 9. Qf3 Qxf3 10. Nxf3 f6 11. Rg1 Kf7 12. O-O-O Ne7 13. Bc4 b6 14. Rge1
Nec6 15. Bc3 Re8 16. Nh4 g6 17. Nf3 Bb7 18. Nd4 Nxd4 19. Rxd4 Bc8 20. Bb5 Rg8
21. Rc4 Rd8 22. Rc7+ Kg8 23. Bxf6 Rf8 24. Be7 Rxf2 25. Rxc8+ Kg7 26. Bd6 a6 27.
Bc4 Ra7 28. Bxb8 Rd7 29. Bxe6 Rdd2 30. Be5+ Kh6 31. Bg4 Kg5 32. Bd1 Rd5 33. Bg3
Rff5 34. h4+ Kf6 35. Rce8 Kg7 36. R1e7+ Kf6 37. Re6+ Kg7 38. Be5+ Kh6 39. R6e7
g5 40. hxg5+ Kxg5 41. Rg8+ Kh6 42. Re6+ Rf6 43. Rxf6# 1-0

[Event "XXVI Ogolnopolska Olimpiada Mlodziezy"]
[Site "Pulawy"]
[Date "2020.10.06"]
[Round "2.21"]
[White "Fil, Grzegorz"]
[Black "Rozek, Michal"]
[Result "0-1"]
[WhiteElo "1268"]
[BlackElo "1442"]
[PlyCount "174"]
[EventDate "2020.10.04"]
[EventType "swiss"]
[Tiebreak "Sum of Buchholz+Median1 Buchholz+Sonneborn-Berger (Swiss)"]

1. c4 e5 2. Nc3 Nf6 3. g3 c6 4. Nf3 e4 5. Nd4 Qb6 6. e3 d5 7. cxd5 cxd5 8. Bg2
Nbd7 9. d3 Bb4 10. Bd2 Ne5 11. dxe4 Nd3+ 12. Ke2 Bxc3 13. Bxc3 dxe4 14. Qb3
Qxb3 15. Nxb3 Bf5 16. Nd2 Nc5 17. b4 Ncd7 18. Rac1 O-O 19. Bxf6 Nxf6 20. Rc4
Bd7 21. Rc7 Bc6 22. Rc1 Nd5 23. R7xc6 bxc6 24. a3 f5 25. Nb3 Rac8 26. Rc5 Ne7
27. Ke1 Rfd8 28. Bf1 g6 29. Nd4 Rd6 30. Nb3 Kg7 31. Nd4 Kf6 32. Be2 h5 33. h3
Kg7 34. g4 fxg4 35. hxg4 h4 36. Bf1 Rd5 37. Rc2 Kf6 38. Bh3 g5 39. Bg2 Re5 40.
Nb3 Rh8 41. Bh3 Rd5 42. Nc5 Ke5 43. Ke2 Rd6 44. Rc4 Rhd8 45. Rxe4+ Kf6 46. Kf3
Kf7 47. Bf1 Rf6+ 48. Kg2 Rd2 49. Bc4+ Nd5 50. Nd3 Kg7 51. Bxd5 cxd5 52. Rd4 Rd6
53. a4 Kf6 54. a5 Re6 55. Rxd5 Rxe3 56. Rf5+ Ke7 57. Nc5 Ree2 58. b5 Rb2 59. b6
axb6 60. axb6 Rxb6 61. Rxg5 Rf6 62. Rf5 Rxf5 63. gxf5 Re5 64. f6+ Kf7 65. Nd3
Rf5 66. Ne1 Kxf6 67. Nf3 Rf4 68. Ng1 Kf5 69. Nh3 Ra4 70. Ng1 Ra3 71. Nh3 Kg4
72. f3+ Kf5 73. Kg1 Rxf3 74. Kg2 Ra3 75. Nf2 Rg3+ 76. Kh2 Kf4 77. Nh3+ Kf3 78.
Ng1+ Kg4 79. Kh1 Ra3 80. Kh2 Ra2+ 81. Kh1 Rb2 82. Ne2 Rxe2 83. Kg1 Kg3 84. Kf1
Ra2 85. Ke1 h3 86. Kd1 h2 87. Kc1 h1=Q# 0-1

[Event "XXVI Ogolnopolska Olimpiada Mlodziezy"]
[Site "Pulawy"]
[Date "2020.10.06"]
[Round "2.21"]
[White "Kusiak, Mateusz"]
[Black "Bancarewicz, Aleks"]
[Result "0-1"]
[WhiteElo "1578"]
[BlackElo "1757"]
[PlyCount "94"]
[EventDate "2020.10.04"]
[EventType "swiss"]
[Tiebreak "Sum of Buchholz+Median1 Buchholz+Sonneborn-Berger (Swiss)"]

1. d4 Nf6 2. Bg5 Ne4 3. h4 c5 4. d5 d6 5. Nd2 Nxg5 6. hxg5 g6 7. c3 Bg7 8. Ngf3
Nd7 9. Qa4 a6 10. e4 Rb8 11. Qc2 b5 12. a4 b4 13. a5 O-O 14. Bc4 Re8 15. Qd3
Nf8 16. e5 e6 17. Ne4 exd5 18. Bxd5 Bf5 19. Qc4 Bxe4 20. Bxf7+ Kh8 21. Qxe4
bxc3 22. bxc3 Bxe5 23. Bxe8 Bxc3+ 24. Ke2 Bxa1 25. Rxa1 Qxe8 26. Qxe8 Rxe8+ 27.
Kd3 Ne6 28. g3 Nc7 29. Rd1 Kg8 30. Nh2 Re5 31. Kc4 Re4+ 32. Kb3 d5 33. Rc1 Rb4+
34. Ka3 Nb5+ 35. Ka2 c4 36. Ng4 d4 37. Nf6+ Kf7 38. Nd5 Ra4+ 39. Kb2 Ke6 40.
Nb6 Rb4+ 41. Ka1 c3 42. f4 d3 43. f5+ gxf5 44. g6 d2 45. Rd1 c2 46. Nd5 cxd1=Q+
47. Ka2 Qa4# 0-1

[Event "XXVI Ogolnopolska Olimpiada Mlodziezy"]
[Site "Pulawy"]
[Date "2020.10.06"]
[Round "2.21"]
[White "Mansz, Martyna"]
[Black "Leks, Emilia"]
[Result "1/2-1/2"]
[WhiteElo "1054"]
[BlackElo "1211"]
[PlyCount "58"]
[EventDate "2020.10.04"]
[EventType "swiss"]
[Tiebreak "Sum of Buchholz+Median1 Buchholz+Sonneborn-Berger (Swiss)"]

1. e4 d6 2. d4 Nf6 3. Bd3 Bg4 4. Nf3 Nc6 5. Be3 e5 6. c3 d5 7. Be2 dxe4 8. Nxe5
Nxe5 9. dxe5 Qxd1+ 10. Kxd1 Bxe2+ 11. Kxe2 Ng4 12. Bf4 Bc5 13. Bg3 O-O 14. h3
Nh6 15. Nd2 f5 16. exf6 Rxf6 17. Nxe4 Re6 18. f3 Nf5 19. Bxc7 Rc8 20. Bh2 Rf8
21. Kd3 Rd8+ 22. Kc4 Ne3+ 23. Kxc5 Rd5+ 24. Kb4 Rb6+ 25. Ka4 Ra6+ 26. Kb4 Rb6+
27. Ka4 Ra6+ 28. Kb4 Rb6+ 29. Ka4 Ra6+ 1/2-1/2

[Event "XXVI Ogolnopolska Olimpiada Mlodziezy"]
[Site "Pulawy"]
[Date "2020.10.06"]
[Round "2.21"]
[White "Olszewska, Wiktoria"]
[Black "Brelinska, Matylda"]
[Result "1-0"]
[WhiteElo "1317"]
[BlackElo "1180"]
[PlyCount "99"]
[EventDate "2020.10.04"]
[EventType "swiss"]
[Tiebreak "Sum of Buchholz+Median1 Buchholz+Sonneborn-Berger (Swiss)"]

1. e4 c5 2. Nf3 e6 3. d4 cxd4 4. Nxd4 a6 5. Nc3 b5 6. a3 Qc7 7. g3 Bb7 8. Bg2
Nf6 9. O-O h6 10. Nde2 Bc5 11. Qd3 O-O 12. Kh1 d6 13. Be3 Bb6 14. f4 Ng4 15.
Bxb6 Qxb6 16. Nd1 Nd7 17. h3 Ngf6 18. Ndc3 Nc5 19. Qd4 Ncd7 20. Rad1 Rad8 21.
Qxd6 Qxd6 22. Rxd6 Nc5 23. Rxd8 Rxd8 24. e5 Bxg2+ 25. Kxg2 Nfe4 26. Rd1 Rd2 27.
Rxd2 Nxd2 28. b3 Nce4 29. Nxe4 Nxe4 30. Kf3 Nc5 31. Ke3 Nd7 32. Kd4 Kf8 33. Kc3
f6 34. Nd4 Ke7 35. Nc6+ Kf7 36. exf6 gxf6 37. Kd4 Nb6 38. c4 Nd7 39. cxb5 axb5
40. a4 bxa4 41. bxa4 Nb6 42. a5 Na8 43. Kc5 e5 44. fxe5 fxe5 45. Nxe5+ Ke7 46.
Kc6 Kd8 47. Nf7+ Kc8 48. Nxh6 Kd8 49. g4 Kc8 50. g5 1-0

[Event "XXVI Ogolnopolska Olimpiada Mlodziezy"]
[Site "Pulawy"]
[Date "2020.10.06"]
[Round "2.22"]
[White "Bartoszczuk, Adam"]
[Black "Jablonski, Dawid"]
[Result "1-0"]
[WhiteElo "1439"]
[BlackElo "1200"]
[PlyCount "53"]
[EventDate "2020.10.04"]
[EventType "swiss"]
[Tiebreak "Sum of Buchholz+Median1 Buchholz+Sonneborn-Berger (Swiss)"]

1. e4 c6 2. d4 d5 3. exd5 cxd5 4. Bd3 Nc6 5. c3 Nf6 6. h3 h6 7. Nf3 e6 8. O-O
Bd6 9. Re1 Qc7 10. Qe2 O-O 11. Ne5 a6 12. f4 b5 13. Nd2 Na5 14. Qf2 Nc4 15. Qg3
Nh5 16. Qh4 Nxf4 17. Ndxc4 Nxd3 18. Nxd6 Nxe1 19. Nxc8 Nc2 20. Ne7+ Kh7 21.
Bxh6 gxh6 22. Ng4 Qxe7 23. Qxe7 Nxa1 24. Qf6 Kg8 25. Nxh6+ Kh7 26. Ng4 Kg8 27.
Qg5+ 1-0

[Event "XXVI Ogolnopolska Olimpiada Mlodziezy"]
[Site "Pulawy"]
[Date "2020.10.06"]
[Round "2.22"]
[White "Labedz, Gabriela"]
[Black "Szczotka, Matylda"]
[Result "0-1"]
[WhiteElo "1240"]
[BlackElo "1306"]
[PlyCount "85"]
[EventDate "2020.10.04"]
[EventType "swiss"]
[Tiebreak "Sum of Buchholz+Median1 Buchholz+Sonneborn-Berger (Swiss)"]

1. e4 e5 2. Nf3 Nc6 3. d4 exd4 4. Bc4 Bb4+ 5. c3 dxc3 6. O-O d6 7. Qb3 Qf6 8.
Bg5 Qg6 9. Nxc3 Bxc3 10. Qxc3 Nge7 11. Bb5 f6 12. Bh4 O-O 13. Bc4+ Kh8 14. Nd2
f5 15. Bxe7 Nxe7 16. exf5 Bxf5 17. Kh1 d5 18. Be2 Nc6 19. Nf3 Be4 20. Rg1 d4
21. Qd2 d3 22. Bf1 Qf5 23. Qc3 Rad8 24. Nd2 Qd5 25. Nxe4 Qxe4 26. f3 Qf5 27.
Rd1 Ne5 28. Qxc7 Rd7 29. Qc3 Rfd8 30. Rd2 Qf4 31. g3 Qe3 32. Bg2 Nxf3 33. Bxf3
Qxf3+ 34. Rgg2 Re7 35. Rdf2 Qe3 36. Rf1 h6 37. Rd1 Qf3 38. Qc1 Re2 39. Rd2 Rxg2
40. Rxg2 d2 41. Qg1 d1=Q 42. h3 Qxg1+ 43. Kxg1 0-1

[Event "XXVI Ogolnopolska Olimpiada Mlodziezy"]
[Site "Pulawy"]
[Date "2020.10.06"]
[Round "2.22"]
[White "Wieckowski, Michal"]
[Black "Wilk, Igor"]
[Result "0-1"]
[WhiteElo "1494"]
[BlackElo "1744"]
[PlyCount "70"]
[EventDate "2020.10.04"]
[EventType "swiss"]
[Tiebreak "Sum of Buchholz+Median1 Buchholz+Sonneborn-Berger (Swiss)"]

1. d4 Nf6 2. c4 e6 3. g3 d5 4. Qc2 Be7 5. Bg2 O-O 6. Nf3 Nbd7 7. O-O c6 8. Nbd2
b6 9. b3 Bb7 10. Bb2 Rc8 11. Ne5 c5 12. e3 Qc7 13. Rac1 dxc4 14. bxc4 cxd4 15.
exd4 Nxe5 16. dxe5 Nd7 17. Rfe1 Bxg2 18. Kxg2 b5 19. Qb1 b4 20. f4 Rfd8 21. Ne4
Nc5 22. Rcd1 Rxd1 23. Qxd1 Rd8 24. Qc2 Qc6 25. Kh3 Nd3 26. Re2 Nxb2 27. Qxb2
Qxc4 28. Qc2 Rc8 29. Qxc4 Rxc4 30. Nd6 Bxd6 31. exd6 Kf8 32. Re5 Rc6 33. Ra5 a6
34. Ra4 Rb6 35. Kg4 Ke8 0-1

[Event "XXVI Ogolnopolska Olimpiada Mlodziezy"]
[Site "Pulawy"]
[Date "2020.10.06"]
[Round "2.22"]
[White "Zapalowska, Wiktoria"]
[Black "Czarkowska, Dalia"]
[Result "1-0"]
[WhiteElo "1209"]
[BlackElo "1087"]
[PlyCount "123"]
[EventDate "2020.10.04"]
[EventType "swiss"]
[Tiebreak "Sum of Buchholz+Median1 Buchholz+Sonneborn-Berger (Swiss)"]

1. e4 c5 2. Nf3 e6 3. d4 cxd4 4. Nxd4 Nc6 5. Nc3 Nf6 6. Nxc6 bxc6 7. Bd3 Bb4 8.
Bd2 d5 9. a3 Ba5 10. b4 Bb6 11. O-O Bd4 12. Rb1 O-O 13. Qf3 e5 14. h3 Be6 15.
Ne2 Bb6 16. Ng3 a6 17. Bg5 c5 18. Nh5 c4 19. Nxf6+ Kh8 20. Nxd5 Qxg5 21. Nxb6
cxd3 22. Nxa8 dxc2 23. Rbc1 Rxa8 24. Rxc2 h6 25. Rfc1 a5 26. bxa5 Rxa5 27. Rc5
Ra4 28. R1c3 Rd4 29. Qe3 Qf6 30. Ra5 Kh7 31. Rcc5 Rd1+ 32. Kh2 Qf4+ 33. Qxf4
exf4 34. g3 fxg3+ 35. Kxg3 g5 36. a4 Rd3+ 37. f3 Kg6 38. Ra6 h5 39. Rd5 h4+ 40.
Kf2 Rb3 41. Rb5 Ra3 42. Rb2 Kg7 43. Kg2 Bd7 44. a5 Bc8 45. Ra8 Bd7 46. a6 Ra4
47. a7 Bc6 48. Rc8 Rxa7 49. Rxc6 Ra5 50. Rd6 f6 51. Rd5 Ra6 52. e5 Kg6 53. Rd6
Rxd6 54. exd6 Kf7 55. Rd2 Ke8 56. d7+ Kd8 57. f4 gxf4 58. Kf3 f5 59. Kxf4 Ke7
60. d8=Q+ Kf7 61. Rd7+ Ke6 62. Qe7# 1-0